000 00554nam a2200229Ia 4500
003 OSt
005 20220918180531.0
006 a|||||r|||| 00| 0
007 ta
008 220917b |||||||| |||| 00| 0 eng d
024 _a22,813
037 _cTextual
040 _aARTS
_cARTS
_beng
041 _2eng
_aeng
082 _aO:3N163:1, J8
100 _aSeton Anya
_956467
245 0 _aWinthrop woman
260 _c1958
650 _aENGLISH LITERATURE
942 _hO:3N163:1, J8
_cTEXL
_2CC
999 _c161988
_d161988